000 00235nam a2200097Ia 4500
005 20251222114415.0
008 251222s1900||||xx |||||||||||||| ||spa||
082 _aDVD0060/A43/1989
245 0 _aTres historias de Nueva York :
942 _cDVD
999 _c2183
_d2183